000 01306nam0a2200301 4500
001 RU\NLR\bibl\477127
005 20260405170546.0
021 _aRU
_b2003-64559
_93174
035 _a(NLR Aleph) 000470103
090 _a988211
_c988211
100 _a20040105d2003 |||y0rusy50 ca
101 0 _arus
102 _aRU
105 _aa |||||||||
200 1 _aХолдинги с участием государственных и смешанных компаний: оценка российской практики в контексте мирового опыта
_fС.Б. Авдашева
210 _aМ.
_cГУ ВШЭ
_d2003
215 _a33, [2] с.
_cил.
_d20
225 1 _aПрепринт
_fГос. ун-т Высш. шк. экономики
_hСер. WP1
_iИнституциональные проблемы российской экономики
_vWP1/2003/04
320 _aБиблиогр. в подстроч. примеч.
606 0 _aХолдинг-компании
_9933175
_3RU\NLR\auth\6625423
686 _aУ29(0)
686 _aУ29(2Р)
700 1 _4070
_7ca
_8rus
_aАвдашева
_bС. Б.
_gСветлана Борисовна
_955255
_3RU\NLR\auth\7772327
801 0 _aRU
_bNLR
_c20040105
_gPSBO
801 1 _aRU
_bNLR
_c20040105
942 _cBOOK
980 _aNB